The capital and rental valuation of restaurants, bars, public houses and nightclubs in the UK (Record no. 102642)
[ view plain ]
| 000 -LEADER | |
|---|---|
| fixed length control field | 01988cam a2200265 4500 |
| 008 - FIXED-LENGTH DATA ELEMENTS--GENERAL INFORMATION | |
| fixed length control field | #DATE n2003 000 0 eng u |
| 020 ## - INTERNATIONAL STANDARD BOOK NUMBER | |
| International Standard Book Number | 184219139X |
| 035 ## - SYSTEM CONTROL NUMBER | |
| System control number | (Sirsi) u121285 |
| 041 0# - LANGUAGE CODE | |
| Language code of text/sound track or separate title | eng |
| 050 04 - LIBRARY OF CONGRESS CALL NUMBER | |
| Classification number | 333.332 $2 18 |
| 110 2# - MAIN ENTRY--CORPORATE NAME | |
| Corporate name or jurisdiction name as entry element | Royal Institution of Chartered Surveyors |
| Subordinate unit | Valuation Faculty |
| 9 (RLIN) | 4354 |
| 245 04 - TITLE STATEMENT | |
| Title | The capital and rental valuation of restaurants, bars, public houses and nightclubs in the UK |
| Remainder of title | Valuation Information Paper No 2 |
| -- | prepared for the Asset and Valuation Standards Board by the Trading Related Valuation Group |
| 260 ## - PUBLICATION, DISTRIBUTION, ETC. | |
| Place of publication, distribution, etc. | Coventry |
| Name of publisher, distributor, etc. | RICS |
| Date of publication, distribution, etc. | 2003 |
| 300 ## - PHYSICAL DESCRIPTION | |
| Extent | v, 12p. |
| Dimensions | 30cm. |
| 490 #0 - SERIES STATEMENT | |
| Series statement | RICS Information Paper |
| 490 #0 - SERIES STATEMENT | |
| Series statement | RICS Valuation Information Paper |
| Volume/sequential designation | 2 |
| 505 2# - FORMATTED CONTENTS NOTE | |
| Formatted contents note | Valuations of licensed properties fully equipped as operational entities -- Trading potential and personal goodwill -- Alternative basis for rental valuations -- Market analysis, comparables and factors affecting valuation -- Capitalisation -- Licences, consents, certificates and permits -- Valuations for loan security purposes -- Other property -- Confidentiality |
| 520 ## - SUMMARY, ETC. | |
| Summary, etc. | Valuations of licensed properties fully equipped as operational entities -- Trading potential and personal goodwill -- Alternative basis for rental valuations -- Market analysis, comparables and factors affecting valuation -- Capitalisation -- Licences, consents, certificates and permits -- Valuations for loan security purposes -- Other property -- Confidentiality |
| 650 24 - SUBJECT ADDED ENTRY--TOPICAL TERM | |
| Topical term or geographic name entry element | RICS appraisal and valuation standards |
| 690 ## - LOCAL SUBJECT ADDED ENTRY--TOPICAL TERM (OCLC, RLIN) | |
| Topical term or geographic name as entry element | PROPERTY-COMMERCIAL PROPERTY-LEISURE PROPERTY |
| 710 2# - ADDED ENTRY--CORPORATE NAME | |
| Corporate name or jurisdiction name as entry element | Royal Institution of Chartered Surveyors |
| Subordinate unit | Asset and Valuation Standards Board |
| 9 (RLIN) | 4456 |
| 710 2# - ADDED ENTRY--CORPORATE NAME | |
| Corporate name or jurisdiction name as entry element | Royal Institution of Chartered Surveyors |
| Subordinate unit | Trading Related Valuation Group |
| 9 (RLIN) | 4457 |
| 856 40 - ELECTRONIC LOCATION AND ACCESS | |
| Uniform Resource Identifier | <a href="https://www.rics.org/Global/Downloads/CapitalAndRentalValuationORrestaurantsBarsPublicHousesAndNightclubsVIPNo22003.pdf">https://www.rics.org/Global/Downloads/CapitalAndRentalValuationORrestaurantsBarsPublicHousesAndNightclubsVIPNo22003.pdf</a> |
| Public note | View the full document free of charge at www.rics.org... |
| 942 ## - ADDED ENTRY ELEMENTS (KOHA) | |
| Suppress in OPAC | 0 |
| Withdrawn status | Lost status | Source of classification or shelving scheme | Damaged status | Not for loan | Home library | Current library | Shelving location | Date acquired | Total Checkouts | Full call number | Barcode | Date last seen | Copy number | Price effective from | Koha item type | Date last checked out |
|---|---|---|---|---|---|---|---|---|---|---|---|---|---|---|---|---|
| Dewey Decimal Classification | London | London | RICS Boxes | 30/05/2003 | RICS 2003/20 | 30067232 | 06/08/2019 | 1 | 06/08/2019 | Archive | ||||||
| Dewey Decimal Classification | London | London | RICS Boxes | 30/05/2003 | RICS 2003/20 | 30067233 | 06/08/2019 | 2 | 06/08/2019 | Reference material | ||||||
| Dewey Decimal Classification | London | London | RICS Boxes | 27/03/2009 | 1 | RICS 2003/20 | 30079694 | 06/08/2019 | 3 | 06/08/2019 | Book | 18/12/2009 | ||||
| Dewey Decimal Classification | Virtual | Virtual | Online | 30/05/2003 | ONLINE PUBLICATION | 121285-3001 | 06/08/2019 | 1 | 06/08/2019 | Book |